Nuevo diccionario Cuyás inglés-español y español-inglés de Appleton /
Guardado en:
| Autor Principal: | |
|---|---|
| Otros Autores: | , |
| Formato: | Libro |
| Idioma: | Spanish English |
| Publicado: |
New York :
Appleton Century Crofts,
c1966.
|
| Edición: | 5a ed. / |
| Etiquetas: |
Agregar Etiqueta
Sin Etiquetas, Sea el primero en etiquetar este registro!
|
| LEADER | 00902nam a22002055a 4500 | ||
|---|---|---|---|
| 001 | EEA.libagro009498 | ||
| 008 | 041125s1966####nyu######d####000#0#spa#d | ||
| 005 | 20210823104929.0 | ||
| 245 | 1 | 0 | |a Nuevo diccionario Cuyás inglés-español y español-inglés de Appleton / |c por Arturo Cuyás ; corregido y aumentado por Lewis E. Brett (parte I) y Helen S. Eaton (parte II) con la colaboración de Walter Beveraggi-Allende. |
| 250 | |a 5a ed. / |b revisión edit. de Catherine B. Avery. | ||
| 260 | |a New York : |b Appleton Century Crofts, |c c1966. | ||
| 300 | |a 589 p. ; |c 23 cm. | ||
| 020 | |a 0136117562 | ||
| 100 | 1 | |a Cuyás, Arturo, |d 1845-1925. | |
| 700 | 1 | |a Brett, Lewis Edward, |d 1895- | |
| 700 | 1 | |a Eaton, Helen S. |q (Helen Slocomb), |d 1887- | |
| 082 | 0 | 4 | |a 423.61 |
| 041 | 0 | |a spa |a eng | |
| 859 | |a AR-BbBCA |b BIB. AGRONOMIA |h C423.61 |i A649a5 |p 1967/0370 | ||
| 859 | |a AR-BbBCA |b BIB. AGRONOMIA |h C423.61 |i A649a5 |p 2004/4613 |t Ej.2 | ||
